<?xml version="1.0" encoding="UTF-8"?>
<marc:record xmlns:marc="http://www.loc.gov/MARC21/slim">
   <marc:leader>00000nam a2200000 a 4500</marc:leader>
   <marc:datafield ind1="1" ind2=" " tag="100">
      <marc:subfield code="a">Moers, Walter</marc:subfield>
      <marc:subfield code="4">aut</marc:subfield>
      <marc:subfield code="e">Verfasser/-in</marc:subfield>
   </marc:datafield>
   <marc:datafield ind1="0" ind2="0" tag="245">
      <marc:subfield code="a">Die Insel der Tausend Leuchttürme</marc:subfield>
   </marc:datafield>
   <marc:datafield ind1="0" ind2="0" tag="245">
      <marc:subfield code="b">Roman</marc:subfield>
   </marc:datafield>
   <marc:datafield ind1="0" ind2="0" tag="245">
      <marc:subfield code="c">Walter Moers</marc:subfield>
   </marc:datafield>
   <marc:datafield ind1=" " ind2="1" tag="264">
      <marc:subfield code="a">München</marc:subfield>
      <marc:subfield code="b">Penguin</marc:subfield>
      <marc:subfield code="c">2023</marc:subfield>
   </marc:datafield>
   <marc:datafield ind1=" " ind2=" " tag="250">
      <marc:subfield code="a">Originalausgabe</marc:subfield>
   </marc:datafield>
   <marc:datafield ind1="1" ind2=" " tag="520">
      <marc:subfield code="a">Hildegunst von Mythenmetz hätte gewarnt sein müssen. Schon auf der Überfahrt zur Insel Eydernorn, wo er seine Bücherstauballergie kurieren will, entgeht er nur knapp dem Tod. Doch im Hotel erwartet ihn ein musikalisches Hummdudel, seine Prominenz verhilft ihm zum Rang eines Patienten erster Klasse, und hilfreiche Küstengnome bieten ihm ihre Dienste an. Neugierig erforscht er die bizarre Fauna und Flora der Insel und widmet sich den hundertelf Leuchttürmen, die in der Nacht funkeln wie tausend. Alles könnte so erholsam sein, wären da nur nicht die immer bedrohlicher werdenden Begegnungen mit der Natur Eydernorns: hungrigen Belphegatoren und aufdringlichen Strandlöpern, monströsen Frostfratten, schaurigen Wolkenspinnen und dem gefährlichsten Dämon aus der Tiefe des zamonischen Ozeans, dem sagenumwobenen Quaquappa.</marc:subfield>
   </marc:datafield>
   <marc:datafield ind1=" " ind2=" " tag="020">
      <marc:subfield code="a">9783328600060</marc:subfield>
      <marc:subfield code="9">9783328600060</marc:subfield>
   </marc:datafield>
   <marc:datafield ind1=" " ind2=" " tag="020">
      <marc:subfield code="a">332860006X</marc:subfield>
      <marc:subfield code="9">332860006X</marc:subfield>
   </marc:datafield>
   <marc:datafield ind1=" " ind2=" " tag="041">
      <marc:subfield code="a">ger</marc:subfield>
   </marc:datafield>
   <marc:datafield ind1=" " ind2=" " tag="300">
      <marc:subfield code="a">656 Seiten</marc:subfield>
   </marc:datafield>
</marc:record>
